000 00586nam a2200169 a 4500
008 120416s1975 ||||||||||||||||| || u
050 _aHF 5415 Lay
100 _aThompson, Howard A
245 1 0 _aAustralian cases in marketing
260 _aSydney
_bMcGraw-Hill
_c1975
300 _avi, 228p.
350 _a0.00
650 _aMARKETING -- CASES
650 0 _aMARKETING--MANAGEMENT--CASE STUDIES
700 _aLayton, Roger A
995 _D0.00
_FCBU-MAIN LIBRARY (Kitwe)
_H1
_I0.00
_M1
_UAVAILABLE
_ZAnnex Low-Usage Collection
999 _c35323
_d35323